[Event "Niedersachsen-ch op B"]
[Site "Verden"]
[Date "2019.01.04"]
[Round "3"]
[White "Maul, Maik Joel"]
[Black "Rausch, Darius"]
[Result "0-1"]
[WhiteElo "1504"]
[BlackElo "1816"]
[PlyCount "68"]
[EventDate "2019.01.03"]
[EventType "swiss"]
[EventRounds "7"]
[EventCountry "GER"]
[SourceTitle "EXT 2022"]
[Source "ChessBase"]
[SourceDate "2021.10.06"]
[SourceVersion "1"]
[SourceVersionDate "2021.10.06"]
[SourceQuality "1"]

1. e4 Nc6 2. Nf3 f5 3. Nc3 fxe4 4. Nxe4 d5 5. Ng3 e5 6. Bb5 Bg4 7. h3 Bxf3 8. Qxf3 Nf6 9. 0-0 Bd6 10. Qb3 0-0 11. Ne4 Be7 12. Nxf6+ Rxf6 13. c4 Nd4 14. Qd3 Nxb5 15. cxb5 Bc5 16. Qg3 Bd4 17. d3 Rg6 18. Qf3 Qd7 19. Be3 Bxb2 20. Rab1 Bc3 21. Rfc1 Rf8 22. Qh5 Rf5 23. Qh4 d4 24. f3 Rxf3 25. Bg5 Rf5 26. Be7 Rf4 27. Rf1 Qd5 28. g3 Rf3 29. g4 Bd2 30. Rxf3 Qxf3 31. Rf1 Be3+ 32. Kh2 Qe2+ 33. Kg3 Qxf1 34. Bb4 Qf2# 0-1

[Event "Niedersachsen-ch op B"]
[Site "Verden"]
[Date "2018.01.07"]
[Round "7"]
[White "Rausch, Darius"]
[Black "Brunner, Alexander1111"]
[Result "1-0"]
[WhiteElo "1651"]
[BlackElo "1482"]
[PlyCount "83"]
[EventDate "2018.01.04"]
[EventType "swiss"]
[EventRounds "7"]
[EventCountry "GER"]
[SourceTitle "EXT 2022"]
[Source "ChessBase"]
[SourceDate "2021.10.06"]
[SourceVersion "1"]
[SourceVersionDate "2021.10.06"]
[SourceQuality "1"]

1. e4 e5 2. Nf3 Nf6 3. Nxe5 Qe7 4. Nf3 Nxe4 5. Be2 d5 6. 0-0 Bd7 7. Re1 Qc5 8. d4 Qb6 9. Bd3 f5 10. c3 c5 11. Bc2 Nc6 12. Bb3 c4 13. Ba4 0-0-0 14. Bxc6 Bxc6 15. Ne5 Qc7 16. Nd2 Bd6 17. Ndf3 h6 18. Bf4 g5 19. Nxc6 Qxc6 20. Bxd6 Qxd6 21. Ne5 Qc7 22. Qh5 Rdf8 23. f3 Nf6 24. Qh3 g4 25. fxg4 fxg4 26. Nxg4 Nxg4 27. Qxg4+ Kd8 28. Re5 Qf7 29. Qe2 Re8 30. Re1 Rhf8 31. Rxe8+ Rxe8 32. Qxe8+ Qxe8 33. Rxe8+ Kxe8 34. Kf2 Ke7 35. Kf3 Kf6 36. Kf4 b5 37. a3 a5 38. g4 a4 39. h4 Ke6 40. g5 h5 41. g6 Kf6 42. g7 1-0

[Event "Niedersachsen-ch op-C"]
[Site "Verden"]
[Date "2017.01.07"]
[Round "5"]
[White "Rausch, Darius"]
[Black "Fischer, Manfred3333"]
[Result "1/2-1/2"]
[WhiteElo "1415"]
[BlackElo "1794"]
[PlyCount "56"]
[EventDate "2017.01.05"]
[EventType "swiss"]
[EventRounds "7"]
[EventCountry "GER"]
[SourceTitle "CBM 187 Extra"]
[Source "ChessBase"]
[SourceDate "2018.11.04"]
[SourceVersion "1"]
[SourceVersionDate "2018.11.04"]
[SourceQuality "1"]

1. e4 e5 2. Nf3 Nc6 3. Nc3 d6 4. d4 exd4 5. Nxd4 Nf6 6. Bg5 Be7 7. Nxc6 bxc6 8. h3 Be6 9. Qf3 0-0 10. Bd3 Rb8 11. b3 Nd7 12. Bxe7 Qxe7 13. 0-0 Ne5 14. Qg3 Nxd3 15. cxd3 f5 16. Rac1 f4 17. Qf3 g5 18. Ne2 c5 19. g4 Qd7 20. d4 cxd4 21. Nxd4 c5 22. Nxe6 Qxe6 23. Qd3 Rb4 24. f3 Rd4 25. Qc3 Qh6 26. Rfd1 Qxh3 27. Rxd4 Qg3+ 28. Kf1 cxd4 1/2-1/2

[Event "Niedersachsen-ch op-C"]
[Site "Verden"]
[Date "2017.01.06"]
[Round "3"]
[White "Rausch, Darius"]
[Black "Brunner, Sophia"]
[Result "0-1"]
[WhiteElo "1415"]
[BlackElo "1619"]
[PlyCount "38"]
[EventDate "2017.01.05"]
[EventType "swiss"]
[EventRounds "7"]
[EventCountry "GER"]
[SourceTitle "CBM 187 Extra"]
[Source "ChessBase"]
[SourceDate "2018.11.04"]
[SourceVersion "1"]
[SourceVersionDate "2018.11.04"]
[SourceQuality "1"]

1. e4 d5 2. exd5 Qxd5 3. Nf3 Bg4 4. Be2 Nf6 5. d4 Nc6 6. c4 Qd7 7. d5 Bxf3 8. Bxf3 Ne5 9. Be2 e6 10. dxe6 Qxe6 11. Qb3 Bc5 12. Qxb7 Nd3+ 13. Kf1 Rd8 14. Bxd3 Rxd3 15. Nd2 0-0 16. Qxc7 Bxf2 17. Nf3 Bb6 18. Qg3 Re8 19. Bh6 Qe2# 0-1

[Event "Hannover-ch U18"]
[Site "Lehrte"]
[Date "2016.10.03"]
[Round "5"]
[White "Yerin, Daniel"]
[Black "Rausch, Darius"]
[Result "0-1"]
[WhiteElo "1052"]
[BlackElo "1278"]
[PlyCount "32"]
[EventDate "2016.10.01"]
[EventType "swiss"]
[EventRounds "7"]
[EventCountry "GER"]
[SourceTitle "EXT 2020"]
[Source "ChessBase"]
[SourceDate "2019.10.17"]
[SourceVersion "1"]
[SourceVersionDate "2019.10.17"]
[SourceQuality "1"]

1. d4 Nf6 2. c4 e5 3. dxe5 Ng4 4. Bf4 Nc6 5. Nf3 Bb4+ 6. Bd2 Bxd2+ 7. Qxd2 Ngxe5 8. Nxe5 Nxe5 9. e3 d6 10. Be2 Qg5 11. 0-0 Bh3 12. Qd5 c6 13. Qe4 f5 14. f4 Qg6 15. Bh5 Qxh5 16. gxh3 fxe4 0-1

[Event "Hannover-ch U14"]
[Site "Lehrte"]
[Date "2013.10.17"]
[Round "2"]
[White "Schulze, Lara"]
[Black "Rausch, Darius"]
[Result "1-0"]
[WhiteElo "1587"]
[BlackElo "954"]
[PlyCount "85"]
[EventDate "2013.10.17"]
[EventType "swiss"]
[EventRounds "7"]
[EventCountry "GER"]
[SourceTitle "EXT 2021"]
[Source "ChessBase"]
[SourceDate "2020.10.23"]
[SourceVersion "1"]
[SourceVersionDate "2020.10.23"]
[SourceQuality "1"]

1. d4 d5 2. c4 e6 3. Nc3 Nc6 4. Nf3 Nf6 5. Bf4 Bd6 6. Bxd6 cxd6 7. cxd5 exd5 8. e3 a6 9. Bd3 0-0 10. Rc1 Bd7 11. 0-0 Re8 12. a3 Ne7 13. Qb3 Rb8 14. Rfe1 b5 15. Nd2 Qb6 16. Nf3 h6 17. Qc2 g6 18. Qd2 Kg7 19. h3 Rh8 20. Nh2 Rbg8 21. f3 Kf8 22. Qf2 Qd8 23. Rf1 Nf5 24. e4 Ng7 25. exd5 Qe7 26. Rfe1 Qd8 27. Rc2 Nf5 28. Be4 Kg7 29. Na2 Qa8 30. Nb4 a5 31. Nc6 Rc8 32. Rec1 Qa6 33. g4 Nxd4 34. Qxd4 Rhe8 35. h4 g5 36. hxg5 hxg5 37. Nf1 Bxg4 38. Ng3 Bd7 39. Nh5+ Kh6 40. Qxf6+ Kxh5 41. Qxf7+ Kh4 42. Qxd7 Qa8 43. Qg4# 1-0